000 01566nam0a2200349 4500
001 RU\NLR\BIBL_A\012060374
005 20191223150917.0
010 _a978-5-91761-955-2
021 _aRU
_bКН-П-19-045867
_9КН-П-19-3353
035 _a(NLR Aleph) 012060374
035 _a(RuMoRGB)010017283
090 _a11700935
_c11700935
100 _a20190718d2019 u y0rusy50 ca
101 0 _arus
102 _aRU
105 _aa z 000zy
200 1 _aУ меня свой сценарий. Как сделать свою семью счастливой
_fВалентина Москаленко, профессор медицины и семейный психотерапевт
210 _aМосква
_cНикея
_d2019
215 _a423, [3] с.
_cпортр.
_d22
320 _aБиблиогр. в конце кн. и в подстроч. примеч.
333 _a12+
517 1 _aКак сделать свою семью счастливой
606 1 _aСемейные отношения
_xПсихологические исследования
_2nlr_sh1
_2nlr_sh2
_3RU\NLR\AUTH\661321411
606 1 _aСозависимые алкоголиков
_xСоциально-психологические исследования
_2nlr_sh2
_3RU\NLR\AUTH\6601627385
686 1 _aЮ949.246
686 1 _aЮ967
700 1 _aМоскаленко
_bВ. Д.
_gВалентина Дмитриевна
942 _cBOOK
980 _aNBR
980 _aNB